000 00826 a2200229 4500
001 26942
005 20260407155547.0
008 260407a1974 arg spa d
003 AR-UNSa-BCEJYS
040 _aAR-UNSa-BCEJYS
_bspa
_cAR-UNSa-BCEJYS
080 _a711(450)
_xUrbanismo en Italia
245 1 0 _aLa politica de la ciudad
020 _a84-7088-122-1
264 1 _aMadrid :
_bInstituto de Estudios de Administración Local
_c1974
300 _a285 p.
_c21 cm.
505 _a1. La cuestión urbana y la cuestión meridional - 2. Los términos metropolitanos de la cuestión urbana - 3. La prospectiva metropolitana del problema meridional
942 _cBK
590 _aniveau_biblio:m niveau_hierar:0
100 1 _aCompagna, Francesco
700 1 _aBarrios Salinas, María Isabel
700 1 _aMoreu Randon, María
999 _c1525
_d1525